009670000a22002170004500090001400000245010700014650002500121650002400146650002300170650003200193653001300225041001300238700002700251700002700278100003100305942001300336773006700349999001700416952015800433952015800591 aARb0105110aOn the origins of the western slope region of endemism: systematics of fig-eating bats, genus Artibeus14aFilogenética9431014aMurciélagos9265914aEvolución99279714aSistemática animal992968 gArtibeus0 aInglés1 aPacheco, Victor9503671 aAshley, Mary V.9942621 aPatterson, Bruce D.994263 cARTICULO1 tMemorias del Museo de Historia Natural3379h21q189-205d1992 c10139d10139 001040718HEMEROTECAaBogotabBogotad2015-02-27hFuera de circulaciónl0oAR 01051p011368r2015-03-25 00:00:00t1w2015-03-25xDonaciónyARTICULO 001040718HEMEROTECAaBogotabBogotad2015-02-27hFuera de circulaciónl0oAR 01051p011369r2015-03-25 00:00:00t2w2015-03-25xDonaciónyARTICULO